000 00640nam a2200241Ia 4500
003 OSt
005 20220918213245.0
006 a|||||r|||| 00| 0
007 ta
008 220917b |||||||| |||| 00| 0 eng d
024 _a131,939
037 _cTextual
040 _aARTS
_cARTS
_beng
041 _2eng
_aeng
082 _aX:8, M7
100 _aBlumberg Rhoda Lois
_9126276
245 0 _aOrganizations in contemporary society
260 _aEnglewood
_bCliffs Prentice Hall
_c1987
300 _axiv,300p.
_ccm.
650 _aECONOMICS
942 _hX:8, M7
_cTEXL
_2CC
999 _c255061
_d255061